| 000 | 00810cab a2200265 4500 | ||
|---|---|---|---|
| 001 | X433 | ||
| 008 | 090401t1992 xxu||||| |||| 00| 0 eng d | ||
| 035 | _a(Sirsi) u65579 | ||
| 041 | _aeng | ||
| 245 | _aRICS launches 1993 Environmental awards | ||
| 260 | _c1992 | ||
| 350 | _a0 | ||
| 490 |
_aCS Monthly : Planning and Development bulletin _v2(5) February 1992, 7(1) |
||
| 520 | _aAnnouncement of RICS 1993 Environment awards. Lists categories. | ||
| 650 | _aBUILDING CONSERVATION | ||
| 650 | _aCONSERVATION OF THE COUNTRYSIDE | ||
| 650 | _aCRAFTSMANSHIP IN BUILDING CONSERVATION | ||
| 650 | _aEFFICIENT BUILDING | ||
| 650 | _aGREENING THE CITY | ||
| 650 | _aABOUT RICS-AWARDS | ||
| 650 | _aURBAN RENEWAL | ||
| 690 | _aENVIRONMENTAL AND LAND CONSULTANCY | ||
| 942 | _n0 | ||
| 948 | _c04/03/1997 | ||
| 999 |
_c40901 _d40901 |
||